A-Z UK Office Quiz Stats

 Plays Quiz not verified by Sporcle

Support Sporcle.
Go Orange.
Score 0/26 Timer 06:00
0 Plays Today
2001 % Correct
G - Name of actor that plays David Brent - Ricky...Gervais
89.1%
D - Which princess does Brent sing about in his song (guitar)?Diana
88.9%
K - Who's dresses up as Ali G in the Red Nose Day special?Keith
85.7%
L - Name of Dawn's boyfriend?Lee
85.2%
H - What's the name of The Office intro. song?Handbags and Gladrags
80.3%
C - What is Tim's surname?Canterbury
79.7%
E - Brent describes himself as a chilled out ...Entertainer
79%
A - What is Gareth's Job Role?Assistant to the Regional Manager
78.2%
Y - What is the colour of the jelly that Gareth's stapler gets put into?Yellow
77.9%
S - Where are the two branches located?Slough and Swindon
74.5%
O - Gareth has an amusing phone call with this person...Oggy
73.9%
Q - As well as Pet Shop Boys and George Michael, what CD does Gareth claim to own?Queen
70%
X - Which instrument begins with this letter?Xylophone
67.9%
2001 % Correct
N - What is the name of David's dog?Nelson
66%
W - Name of the company where Brent works?Wernham Hogg
64.7%
M - Which colleague reveals the real reason for Brent's failed medical test?Malcolm
64%
T - Complete the following phrase: 'I won't have her ... banded around this office willy nilly'Tunnel
61.9%
I - Which maverick does Brent claim influenced him?Ian Botham
56.1%
Z - What's the name of the largest ethnic group in South Africa? Zulu
53.5%
B - What's the name of the Swindon employee who's in a wheelchair?Brenda
43%
V - Who plays the 'good guy' in the film Dodgeball?Vince Vaughan
38.5%
J - What is the name of David Brent's boss?Jennifer Taylor-Clarke
37.7%
R - What is the name of the guy who runs the office training day?Rowan
35.5%
P - At the training day, what is the name of the TV presenter in the tutorial video?Peter Purves
24.4%
F - What test does the first interviewee supposedly give out?Forklift Driver Test
11.1%
U - When throwing half of the CV's in the bin, what does Brent say to avoid employing?Unlucky people
4.1%

You're not logged in!

Compare scores with friends on all Sporcle quizzes.
OR
Log In

From the Vault

Actors by Same First Letter Movies

by ghcgh

Some actors prefer keeping their alphabets simple.
Remove Ads.
Support Sporcle.
Get the best of Sporcle when you Go Orange. This ad-free experience offers more features, more stats, and more fun while also helping to support Sporcle. Thank you for becoming a member.

Show Comments

Extras

Top Quizzes Today


Score Distribution

Your Account Isn't Verified!

In order to create a playlist on Sporcle, you need to verify the email address you used during registration. Go to your Sporcle Settings to finish the process.

Report this User

Report this user for behavior that violates our Community Guidelines.

Details: